Abgelegenste Hauptstädte - Statistiken

Allgemein
  • Dieses Quiz wurde 77 mal gespielt
  • Das Durchschnittsergebnis liegt bei 10 aus 21
Antwortstatistiken
Entfernung Nächste Hauptstadt Kontinent Hauptstadt % Korrekt
2324 km Canberra Ozeanien Wellington
83%
2324 km Wellington Ozeanien Canberra
82%
1152 km Seoul Asien Tokio
77%
1463 km Asuncion Südamerika Brasilia
74%
1076 km La Paz Südamerika Lima
71%
1493 km Dublin Europa Reykjavik
71%
1138 km Buenos Aires Südamerika Santiago
69%
1167 km Peking Asien Ulaanbaatar
57%
1059 km Guatemala-Stadt Nordamerika Mexiko-Stadt
55%
1163 km Taipeh Asien Manila
49%
1076 km Lima Südamerika La Paz
46%
1396 km Honiara Ozeanien Port Moresby
43%
1163 km Manila Asien Taipeh
32%
1073 km Suva Ozeanien Funafuti
29%
1903 km Bandar Seri Begawan Asien Dili
28%
1684 km Manila Ozeanien Ngerulmud
28%
1253 km Yaren Ozeanien Honiara
25%
1277 km Yaren Ozeanien Palikir
25%
1073 km Suva Ozeanien Port Vila
22%
1343 km Mogadischu Afrika Victoria
22%
1263 km Manila Asien Bandar Seri Begawan
17%
Keine übereinstimmenden Quizze gefunden
Verteilung der Resultate
Anzahl Personen mit jedem Resultat
Perzentil nach korrekt beantworteten Fragen
Ihre Resultats-Entwicklung
Sie haben dieses Quiz noch nicht gespielt